The British Royal Family - Statistics

General Stats
  • This quiz has been taken 1,078 times
    1,044 since last reset
  • The average score is 20 of 25
Answer Stats
Royal Style and Name Title Position in the Family % Correct
Her Majesty, Elizabeth the Second, Queen of the United Kingdom of Great Britain and Northern Ireland, Head of the Commonwealth and Defender of the Faith. Matriarch/Sovereign
99%
His Royal Highness, Charles, Prince of Wales Eldest child of the Matriach/Heir to the throne
97%
His Royal Highness, Prince William, Duke of Cambridge Grandson of the Matriarch/Son of the Prince of Wales/Second in line to the throne
97%
Her Royal Highness, Catherine, Duchess of Cambridge Granddaughter-in-law of the matriarch/Wife of the Duke of Cambridge
95%
His Royal Highness, Prince George of Cambridge Great Grandson of the Matriarch/Son of the Duke and Duchess of Cambridge/Third in line to the throne
95%
Her Royal Highness, Princess Charlotte of Cambridge Great Granddaughter of the Matriarch/Daughter of the Duke and Duchess of Cambridge/Fourth in line to the throne
94%
His Royal Highness, Prince Henry of Wales Grandson of the Matriarch/Son of the Prince of Wales/Fifth in line to the throne
94%
His Royal Highness, Prince Philip, Duke of Edinburgh Husband of the Matriach/Prince Consort
94%
Her Royal Highness, Anne, Princess Royal Daughter of the Matriarch/Twelfth in line to the throne
93%
Her Royal Highness, Camilla, Duchess of Cornwall Daughter-in-law of the Matriach/Wife of the Prince of Wales
92%
His Royal Highness, The Prince Andrew, Duke of York Son of the Matriarch/Sixth in line to the throne
88%
His Royal Highness, The Prince Edward, Earl of Wessex Son of the Matriarch/Ninth in line to the throne
86%
Her Royal Highness, Princess Beatrice of York Granddaughter of the Matriarch/Daughter of the Duke of York/Seventh in line to the throne
82%
Mrs. Zara Tindall (Nee, Phillips) Granddaughter of the Matriarch/Daughter of the Princess Royal/Sixteenth in line to the throne
81%
Her Royal Highness, Princess Eugenie of York Granddaughter of the Matriarch/Daughter of the Duke of York/Eight in line to the throne
77%
Her Royal Highness, Sophie, Countess of Wessex Daughter-in-law of the Matriarch/Wife of the Earl of Wessex
73%
Mr. Peter Phillips Grandson of the Matriarch/Son of the Princess Royal/Thirteenth in line to the throne
70%
Lady Louise Windsor Granddaughter of the Matriarch/Daughter of the Earl and Countess of Wessex/Eleventh in line to the throne
69%
Lord James, Viscount Severn Grandson of the Matriarch/Son of the Earl and Countess of Wessex/Tenth in line to the throne
68%
Mr. Mike Tindall Grandson-in-law of the Matriarch/Husband of Ms. Zara Phillips
65%
Ms. Mia Tindall Great Granddaughter of the Matriarch/Daughter of Mr. and Mrs. Mike Tindall/Seventeenth in line to the throne
61%
Ms. Isla Phillips Great Granddaughter of the Matriarch/Daughter of Mr. and Mrs. Peter Phillips/Fifteenth in line to the throne
59%
Vice Admiral, Sir Timothy Laurence Son-in-law of the Matriarch/Husband of the Princess Royal
59%
Ms. Savannah Phillips Great Granddaughter of the Matriarch/Daughter of Mr. and Mrs. Peter Phillips/Fourteenth in line to the throne
57%
Mrs. Autumn Phillips (Nee, Kelly) Granddaughter-in-law of the Matriarch/Wife of Mr. Peter Phillips
54%
No matching quizzes found
Score Distribution
Percent of People with Each Score
Percentile by Number Answered
Your Score History
You have not taken this quiz since the last reset